000 00507nam a2200181Ia 4500
001 46587
008 140429s9999 xx 000 0 und d
020 _aNA
040 _cPK-LaUMT
082 _aRHC 891.4394
_bABU-N
100 _aAbual Imtiaz Seen Muslim
245 _aNabaz-e-zameer (Urdu)
_bmaqaalmaat, mazaameen, Columnyat
_cAbual Imtiaz Seen Muslim
260 _aLahore,Pakistan:
_bQamar Enterprises,
_c2003
300 _a191 p.
546 _aUR
650 _aPakistani literature-Urdu
942 _cBK
999 _c44538
_d44538